Vivat samosprávy?

Podrobná bibliografia
Hlavní autori: Majchrák, Jozef, 1975- (Autor), Hanus, Martin, 1977- (Autor)
Médium: Článok
Jazyk:slovenčina
Fyzický popis:Fotogr.
ISSN:1336-5932
Predmet:

MARC

LEADER 00000nab a2200000 a 4500
001 vtls010000005
003 SK-MaSNL
005 20260426071013.0
008 140515c2009 xo wr|p|||||||000 b|slo
015 |a SNBRB2009/11  |2 snkbucl 
040 |a SNKBUCL  |b slo  |c SNKBUCL  |e AACR2 
041 0 |a slo 
044 |a xo  |c SK 
080 |a 353.9  |x (437.6)  |2 2001 
100 1 |a Majchrák, Jozef,  |d 1975-  |4 aut  |9 110393 
245 1 0 |a Vivat samosprávy?  |c Jozef Majchrák, Martin Hanus 
300 |b Fotogr. 
650 0 7 |a samosprávne kraje  |2 snkbucl  |9 58408 
651 7 |a Slovensko  |2 snkbucl  |9 14231 
700 1 |a Hanus, Martin,  |d 1977-  |4 aut  |9 103369 
773 0 |t Týždeň  |g Roč. VI, č. 44 (2009), s. 12-19  |x 1336-5932 
852 |a SNK  |b KIS3GCP 
958 |a SK 
999 |c 2673511  |d 2675441